Exekučný poriadok s dôvodovou správou

Salvato in:
Dettagli Bibliografici
Natura: Libro
Lingua:slovacco
Pubblicazione: Bratislava EPOS 1995
Soggetti:
Tags: Aggiungi Tag
Nessun Tag, puoi essere il primo ad aggiungerne!!

MARC

LEADER 00000nam a2200000 4500
001 c012011
005 20251009085952.8
020 |a 80-88810-17-5 
041 0 |a slo 
044 |a SK 
245 1 0 |a Exekučný poriadok s dôvodovou správou 
264 1 |a Bratislava  |b EPOS  |c 1995 
300 |a 176 s. 
610 2 0 |a súdnictvo 
610 2 0 |a Slovensko 
610 2 0 |a 1995 
610 2 0 |a exekútori